1621 1152 1630 1051 1302 1776 1713 1018 1727 1572 1947 1643 1282 1191 1068 1061 1358 1039 1167 1860 1968 1072 1331 1129 1296 1646 1156 1109 1973 1978 1963 1731 1253 1309 1861 1890 1805 1509 1053 1195 1340 1593 1129 1934 1003 1143 1952 1287 1645 1626 1766 1335 1478 1707 1483 1881 1743 1318 1176 1975 1164 1145 1994 1321 1029 1145 1462 1367 1325 1470 1976 1630 1825 1591 1201 1180 1685 1482 1759 1317 1750 1585 1943 1151 1025 1074 1973 1721 1654 1798 1878 1221 1303 1240 1507 1852 1019 1469 1389 BCNSPRNW ULIB Ver.6.0+V

เปลี่ยนเป็นภาษาไทย

Change to English
 แสดงรายละเอียดบรรณานุกรม
  กลับหน้าหลัก

Brief Record : Get Marc (ISO 2709) : E-mail record : QR code < ปิดหน้าต่าง
LEADER : 00000nam 2200000uu 4500
001    13399121501
003     ULIB
008    020711s2009 th a 000 0 eng d
020    9781603273848
060  4 WT115^bH236
100    Connie Watkins Bales.
245    Handbook of Clinical Nutrition and Aging /^cConnie Watkins Bales,Christine Seel Ritchie
260    New York :^bHumana Press,^c2009
300    2009 pages
650    Nutrition
700    Christine Seel Ritchie
945    ^p0^l0^i027428
999    ^aทศพร
รายการนี้ยังไม่มีแท็ก
คุณยังไม่ได้ล็อกอิน คุณสามารถมีกิจกรรมร่วมกับเว็บไซต์ได้ แต่ต้องล็อกอินก่อน ::
  ล็อกอิน

รายการสื่อสารสนเทศ

ลำดับที่ ประเภท เลขเรียก/บาร์โค้ด สถานที่ สถานะ
1. วิทยาศาสตร์การแพทย์ และสุขภาพ
วิทยาศาสตร์การแพทย์ และสุขภาพ
WT115 H236 C.1 
  Barcode: 027428
ห้องสมุดวิทยาเขตสวรรค์ประชารักษ์
►หนังสือทั่วไป
บนชั้น

รายการใกล้เคียง
    หัวเรื่อง [Nutrition]

BibComment


ยังไม่เคยถูกคอมเมนท์

คอมเมนท์ทรัพยากรรายการนี้
  คอมเมนท์: Handbook of Clini..


 Copyright 2026. Bcnsprnw @Library